000
00323nam a22001457a 4500
008
210511b ||||| |||| 00| 0 eng d
020
_a
035313700866
041
_a
eng
080
_a
7
082
_a
7
100
_a
46
101
_a
ART
245
_a
The Prop Builder's Mask-Making Handbook
_c
James,Th
942
_2
udc
_c
BK
999
_c
57231
_d
57231